000 00546nam a2200193 4500
003 OSt
005 20230907121516.0
008 708 R549v
040 _cLado V
082 _a750
_bF873f
100 _91031
_aRennĂ³, Rosangela
_eautor
245 _aSandra French/
260 _aCosta Rica
300 _a40p.
_c22x28cm
650 _2Tesauro de Arte & Arquitectura
_aARTE
_9702
650 _2Tesauro de Arte & Arquitectura
_aPINTURA
_9702
650 _2Tesauro de Arte & Arquitectura
_aACRILICO
942 _2ddc
_c1
_h750
_iF873f
_n0
999 _c4290
_d4290